000
00355nam a2200169Ia 4500
100
_a
Ireland/kenneth
250
_a
2
942
_c
BK
366
_f
20
654
_a
number theory
245
_a
Classical introduction to Modern number theory
260
_b
Springer
_c
1990
082
_a
512
_b
IRE
300
_a
389
546
_a
ENGLISH
999
_c
20060
_d
20060